<?xml version="1.0" encoding="UTF-8"?>
<record
    xmlns:xsi="http://www.w3.org/2001/XMLSchema-instance"
    xsi:schemaLocation="http://www.loc.gov/MARC21/slim http://www.loc.gov/standards/marcxml/schema/MARC21slim.xsd"
    xmlns="http://www.loc.gov/MARC21/slim">

  <leader>00184nam a2200085   4500</leader>
  <controlfield tag="001">1257175</controlfield>
  <controlfield tag="005">20260204114441.0</controlfield>
  <datafield tag="245" ind1=" " ind2=" ">
    <subfield code="a">NEDEN YER&#x130;Z?</subfield>
    <subfield code="c">STEPHANIE TURNBULL</subfield>
  </datafield>
  <datafield tag="260" ind1=" " ind2=" ">
    <subfield code="b">T&#xDC;B&#x130;TAK</subfield>
  </datafield>
  <datafield tag="999" ind1=" " ind2=" ">
    <subfield code="c">1257175</subfield>
    <subfield code="d">1257175</subfield>
  </datafield>
  <datafield tag="952" ind1=" " ind2=" ">
    <subfield code="0">0</subfield>
    <subfield code="1">0</subfield>
    <subfield code="2">ddc</subfield>
    <subfield code="4">0</subfield>
    <subfield code="7">0</subfield>
    <subfield code="a">1061</subfield>
    <subfield code="b">1061</subfield>
    <subfield code="d">2026-02-04</subfield>
    <subfield code="l">12</subfield>
    <subfield code="o">A22</subfield>
    <subfield code="p">1061286188</subfield>
    <subfield code="q">2026-04-18</subfield>
    <subfield code="r">2026-04-03 12:14:04</subfield>
    <subfield code="s">2026-04-03</subfield>
    <subfield code="w">2026-02-04</subfield>
    <subfield code="y">BK</subfield>
  </datafield>
</record>
